Rubber krishi varum kaalangalil (Record no. 48981)

MARC details
000 -LEADER
fixed length control field 00254nam a2200109Ia 4500
100 ## - MAIN ENTRY--AUTHOR NAME
Personal name Thomas V
245 #0 - TITLE STATEMENT
Title Rubber krishi varum kaalangalil
260 ## - PUBLICATION, DISTRIBUTION, ETC. (IMPRINT)
Name of publisher Karshakasree
Year of publication 2009
300 ## - PHYSICAL DESCRIPTION
Number of Pages 45
942 ## - ADDED ENTRY ELEMENTS (KOHA)
Koha item type Bibliography STAF
Holdings
Withdrawn status Lost status Damaged status Not for loan Home library Current library Shelving location Date acquired Serial Enumeration / chronology Koha item type
      Bibliography RRII Library RRII Library Botany 25/03/2009 Volume 14, Issue 6 Bibliography STAF